000 00401nam a2200169Ia 4500
001 22496
003 IN-NITTTR
005 20251114233254.0
008 251113s9999||||xx |||||||||||||| ||eng||
040 _beng
040 _cIN-NITTTR
041 _aeng
082 _a004.56 A58 R
100 _aOppenheim, Charles
245 0 _aApplications of optical media. /
_cOppenheim, Charles
942 _2ddc
_cBK
999 _c25125
_d25125